000 00244nam a2200097Ia 4500
005 20251222114346.0
008 251222s1900||||xx |||||||||||||| ||spa||
082 _aDVD0112/M53.1/2004
245 0 _aDescubriendo el mundo junto a Mozart:
942 _cDVD
999 _c1036
_d1036